[Event "Internet Section 17-A"]
[Site "Dos Hermanas"]
[Date "2003.03.17"]
[Round "3"]
[White "Aronian, Levon"]
[Black "Braylovsky, Gregory"]
[Result "1-0"]
[WhiteElo "2610"]
[BlackElo "2327"]
[PlyCount "97"]
[EventDate "2003.03.17"]
[EventType "swiss (blitz)"]
[EventRounds "9"]
[EventCountry "ESP"]
[SourceTitle "EXT 2004"]
[Source "ChessBase"]
[SourceDate "2003.11.25"]
[SourceVersion "1"]
[SourceVersionDate "2003.11.25"]
[SourceQuality "1"]

1. e4 c5 2. Nc3 Nc6 3. Bb5 d6 4. Bxc6+ bxc6 5. d3 g6 6. f4 Bg7 7. Nf3 Bg4 8.
O-O Nf6 9. Qe1 Bxf3 10. Rxf3 O-O 11. f5 Nd7 12. Bg5 c4 13. Kh1 cxd3 14. cxd3 h6
15. Bh4 g5 16. Bf2 c5 17. Rc1 Rb8 18. Qe2 Be5 19. b3 e6 20. Nd1 g4 21. Re3 Qg5
22. Rc4 Bf4 23. h3 Bxe3 24. Bxe3 Qg7 25. Bf4 gxh3 26. gxh3 Ne5 27. Rc1 exf5 28.
Ne3 Ng6 29. Bxd6 fxe4 30. dxe4 Rbe8 31. Nf5 Qf6 32. Bxf8 Qxf5 33. exf5 Rxe2 34.
Bxc5 Nh4 35. Rf1 f6 36. Rf4 Re1+ 37. Bg1 Nxf5 38. Rxf5 Kg7 39. Ra5 Kg6 40. Rxa7
f5 41. Kg2 f4 42. Bf2 Rc1 43. Ra5 Rc3 44. b4 h5 45. b5 Kf5 46. b6+ Ke4 47. b7
f3+ 48. Kg3 h4+ 49. Kg4 1-0

[Event "Internet Section 17-A"]
[Site "Dos Hermanas"]
[Date "2003.03.17"]
[Round "4"]
[White "Rychagov, Andrey"]
[Black "Aronian, Levon"]
[Result "0-1"]
[WhiteElo "2551"]
[BlackElo "2610"]
[PlyCount "88"]
[EventDate "2003.03.17"]
[EventType "swiss (blitz)"]
[EventRounds "9"]
[EventCountry "ESP"]
[SourceTitle "EXT 2004"]
[Source "ChessBase"]
[SourceDate "2003.11.25"]
[SourceVersion "1"]
[SourceVersionDate "2003.11.25"]
[SourceQuality "1"]

1. d4 Nf6 2. c4 e6 3. Nc3 Bb4 4. Qc2 c5 5. dxc5 Qc7 6. a3 Bxc5 7. Nf3 a6 8. e3
b6 9. b4 Be7 10. Bb2 Bb7 11. Bd3 d6 12. e4 Nbd7 13. h3 Rc8 14. Rc1 Qb8 15. Qe2
O-O 16. O-O Nh5 17. Qe3 Qc7 18. Rfd1 h6 19. Rc2 Rfd8 20. Ne2 Qb8 21. Rcd2 Qc7
22. Rc2 Ba8 23. Nc3 Qb8 24. Ne2 Rc7 25. Nf4 Nxf4 26. Qxf4 Rdc8 27. Bf1 b5 28.
Qg3 e5 29. c5 Nf6 30. cxd6 Rxc2 31. Bxe5 Bd8 32. d7 R8c7 33. Nd4 Qb6 34. Nxc2
Rxc2 35. Rd6 Rc6 36. Bxf6 Bxf6 37. Rxc6 Bxc6 38. e5 Bd8 39. e6 fxe6 40. Qd6 Bd5
41. Qe5 Qc7 42. Qd4 Qxd7 43. Be2 Qc6 44. f3 Bb6 0-1

[Event "Internet Section 17-A"]
[Site "Dos Hermanas"]
[Date "2003.03.17"]
[Round "5"]
[White "Aronian, Levon"]
[Black "Solak, Dragan"]
[Result "1-0"]
[WhiteElo "2610"]
[BlackElo "2510"]
[PlyCount "93"]
[EventDate "2003.03.17"]
[EventType "swiss (blitz)"]
[EventRounds "9"]
[EventCountry "ESP"]
[SourceTitle "EXT 2004"]
[Source "ChessBase"]
[SourceDate "2003.11.25"]
[SourceVersion "1"]
[SourceVersionDate "2003.11.25"]
[SourceQuality "1"]

1. e4 c5 2. Nf3 e6 3. c4 Nc6 4. Nc3 Nd4 5. Be2 Ne7 6. Nxd4 cxd4 7. Nb1 Nc6 8.
d3 d5 9. exd5 exd5 10. cxd5 Qxd5 11. O-O Be6 12. Nd2 Be7 13. f4 O-O 14. Bf3 Qd7
15. Nc4 Bxc4 16. dxc4 d3 17. Be3 Bf6 18. Qd2 Rfe8 19. Bf2 a5 20. Rad1 Rad8 21.
Kh1 Qf5 22. b3 h5 23. a3 h4 24. Bd5 h3 25. Qxd3 hxg2+ 26. Kxg2 Qxf4 27. Bb6
Qg4+ 28. Kh1 Rd7 29. Rxf6 Ne5 30. Qc2 Nxc4 31. bxc4 Re2 32. Rf4 Rxh2+ 33. Qxh2
Qxd1+ 34. Bg1 Rxd5 35. cxd5 Qxd5+ 36. Qg2 Qh5+ 37. Bh2 Qd1+ 38. Rf1 Qd7 39. Be5
g6 40. Qf3 Qe6 41. Qc3 b5 42. Rd1 Kh7 43. Rd8 f6 44. Qc7+ Kh6 45. Rh8+ Kg5 46.
Qc1+ Kf5 47. Qf4# 1-0

[Event "Internet Section 17-A"]
[Site "Dos Hermanas"]
[Date "2003.03.17"]
[Round "7"]
[White "Aronian, Levon"]
[Black "Ivanisevic, Ivan"]
[Result "1-0"]
[WhiteElo "2610"]
[BlackElo "2555"]
[PlyCount "85"]
[EventDate "2003.03.17"]
[EventType "swiss (blitz)"]
[EventRounds "9"]
[EventCountry "ESP"]
[SourceTitle "EXT 2004"]
[Source "ChessBase"]
[SourceDate "2003.11.25"]
[SourceVersion "1"]
[SourceVersionDate "2003.11.25"]
[SourceQuality "1"]

1. d4 Nf6 2. c4 g6 3. Nf3 Bg7 4. g3 O-O 5. Bg2 d6 6. O-O c6 7. Nc3 Qa5 8. e4 e5
9. h3 Nbd7 10. Be3 Nb6 11. Qe2 exd4 12. Nxd4 Qb4 13. Rfd1 Nfd7 14. Bf1 Ne5 15.
a3 Qxc4 16. Qc2 Qxd4 17. Bxd4 Nf3+ 18. Kg2 Nxd4 19. Rxd4 Bxd4 20. Rd1 Bxc3 21.
bxc3 d5 22. exd5 Nxd5 23. c4 Nc7 24. Qb2 Ne6 25. h4 h5 26. Be2 c5 27. Qf6 Nd4
28. Bxh5 gxh5 29. Qg5+ Kh7 30. Qxh5+ Kg7 31. Qg5+ Kh7 32. Qxc5 Ne6 33. Qh5+ Kg7
34. Qg4+ Kh7 35. Rd5 Ng7 36. Qe4+ Kg8 37. h5 Re8 38. Qh4 Kh7 39. h6 Nf5 40. Qf6
Rg8 41. Qxf7+ Kxh6 42. Qxg8 Ne3+ 43. Kg1 1-0

[Event "Internet Section 17-A"]
[Site "Dos Hermanas"]
[Date "2003.03.17"]
[Round "8"]
[White "Aronian, Levon"]
[Black "De la Paz Perdomo, Frank"]
[Result "1-0"]
[WhiteElo "2610"]
[BlackElo "2441"]
[PlyCount "41"]
[EventDate "2003.03.17"]
[EventType "swiss (blitz)"]
[EventRounds "9"]
[EventCountry "ESP"]
[SourceTitle "EXT 2004"]
[Source "ChessBase"]
[SourceDate "2003.11.25"]
[SourceVersion "1"]
[SourceVersionDate "2003.11.25"]
[SourceQuality "1"]

1. e4 e5 2. Nf3 Nc6 3. d4 exd4 4. Nxd4 Bc5 5. Nb3 Bb6 6. Nc3 Nge7 7. h4 d6 8.
h5 h6 9. Qe2 Be6 10. Be3 Qd7 11. O-O-O O-O-O 12. f3 f5 13. Qf2 Rhf8 14. Bb5
fxe4 15. Nxe4 Bxb3 16. axb3 Nf5 17. Bxb6 axb6 18. Kb1 Qf7 19. Rhe1 d5 20. Ng3
d4 21. Bc4 1-0

[Event "Dos Hermanas Internet f 4th"]
[Site "ICC INT"]
[Date "2003.03.21"]
[Round "1.1"]
[White "Soppe, Guillermo"]
[Black "Aronian, Levon"]
[Result "1/2-1/2"]
[WhiteElo "2478"]
[BlackElo "2610"]
[PlyCount "58"]
[EventDate "2003.03.21"]
[EventType "k.o."]
[EventRounds "5"]
[EventCountry "ESP"]
[SourceTitle "CBM 093 Extra"]
[Source "ChessBase"]
[SourceDate "2003.05.09"]
[SourceVersion "1"]
[SourceVersionDate "2003.05.09"]
[SourceQuality "1"]

1. d4 Nf6 2. c4 e6 3. Nf3 d5 4. Nc3 dxc4 5. e4 Bb4 6. Bg5 c5 7. Bxc4 cxd4 8.
Nxd4 Bxc3+ 9. bxc3 Qa5 10. Bxf6 Qxc3+ 11. Kf1 gxf6 12. Rc1 Qa5 13. Bb5+ Ke7 14.
e5 fxe5 15. Qh5 Nd7 16. Qg5+ Kd6 17. Be2 a6 18. h4 f6 19. Qg7 exd4 20. Qxh8 d3
21. Bf3 Qb5 22. Kg1 d2 23. Rxc8 Rxc8 24. Qxc8 Qa4 25. Qxb7 Ne5 26. Qb6+ Kd7 27.
Qb7+ Kd6 28. Qb6+ Kd7 29. Qb7+ Kd6 1/2-1/2

[Event "Dos Hermanas Internet f 4th"]
[Site "ICC INT"]
[Date "2003.03.21"]
[Round "1.2"]
[White "Aronian, Levon"]
[Black "Soppe, Guillermo"]
[Result "1-0"]
[WhiteElo "2610"]
[BlackElo "2478"]
[PlyCount "103"]
[EventDate "2003.03.21"]
[EventType "k.o."]
[EventRounds "5"]
[EventCountry "ESP"]
[SourceTitle "CBM 093 Extra"]
[Source "ChessBase"]
[SourceDate "2003.05.09"]
[SourceVersion "1"]
[SourceVersionDate "2003.05.09"]
[SourceQuality "1"]

1. e4 c6 2. c4 d5 3. exd5 cxd5 4. cxd5 Nf6 5. Nc3 Nxd5 6. Nf3 Nxc3 7. bxc3 g6
8. d4 Bg7 9. Bd3 O-O 10. O-O Nc6 11. Re1 b6 12. Bg5 Re8 13. Qd2 Bb7 14. Qf4 Qd6
15. Rxe7 Qxf4 16. Rxe8+ Rxe8 17. Bxf4 Na5 18. Re1 Rc8 19. Bb1 f6 20. Rc1 Bf8
21. Bd3 Bd5 22. Rc2 Nc4 23. Bc1 b5 24. Kf1 Kf7 25. Nd2 a6 26. Nxc4 Bxc4 27.
Bxc4+ Rxc4 28. Ke2 Ke6 29. Kd3 Kd5 30. Re2 Ra4 31. g4 Bd6 32. h4 h5 33. g5 fxg5
34. Bxg5 Ra3 35. Bc1 Ra4 36. f3 Rc4 37. Rg2 Ra4 38. Rg5+ Kc6 39. Rxg6 Kd7 40.
Rg2 Be7 41. Bg5 Bd6 42. Re2 b4 43. c4 Ra3+ 44. Ke4 a5 45. c5 Bf8 46. Kd5 Rc3
47. Re6 Rxf3 48. c6+ Kc7 49. Bf6 a4 50. Be5+ Kd8 51. c7+ Kd7 52. Re8 1-0

[Event "Neckar op-A 7th"]
[Site "Deizisau"]
[Date "2003.04.17"]
[Round "1"]
[White "Aronian, Levon"]
[Black "Rebitzer, Winfried"]
[Result "1-0"]
[WhiteElo "2610"]
[BlackElo "2148"]
[PlyCount "41"]
[EventDate "2003.04.18"]
[EventType "swiss"]
[EventRounds "9"]
[EventCountry "GER"]
[SourceTitle "CBM 093 Extra"]
[Source "ChessBase"]
[SourceDate "2003.05.09"]
[SourceVersion "1"]
[SourceVersionDate "2003.05.09"]
[SourceQuality "1"]

1. e4 c5 2. Nf3 Nc6 3. d4 cxd4 4. Nxd4 Nf6 5. Nc3 e5 6. Ndb5 d6 7. Bg5 a6 8.
Na3 b5 9. Bxf6 gxf6 10. Nd5 f5 11. c3 Bg7 12. exf5 Bxf5 13. Nc2 O-O 14. Nce3
Be6 15. Bd3 f5 16. O-O f4 17. Qh5 h6 18. Qg6 Re8 19. Nf5 Bxf5 20. Bxf5 Rb8 21.
Bd7 1-0

[Event "Neckar op-A 7th"]
[Site "Deizisau"]
[Date "2003.04.18"]
[Round "2"]
[White "Balduan, Markus"]
[Black "Aronian, Levon"]
[Result "0-1"]
[WhiteElo "2268"]
[BlackElo "2610"]
[PlyCount "102"]
[EventDate "2003.04.18"]
[EventType "swiss"]
[EventRounds "9"]
[EventCountry "GER"]
[SourceTitle "CBM 093 Extra"]
[Source "ChessBase"]
[SourceDate "2003.05.09"]
[SourceVersion "1"]
[SourceVersionDate "2003.05.09"]
[SourceQuality "1"]

1. c4 Nf6 2. Nc3 e6 3. Nf3 d5 4. d4 dxc4 5. e3 a6 6. Bxc4 b5 7. Bb3 Bb7 8. O-O
c5 9. dxc5 Nbd7 10. Qe2 Bxc5 11. e4 b4 12. e5 Bxf3 13. gxf3 bxc3 14. exf6 Qxf6
15. Ba4 Ke7 16. Bxd7 Kxd7 17. bxc3 Rhd8 18. Be3 Bd6 19. Rfd1 Ke8 20. Rd4 Qg6+
21. Rg4 Qh5 22. h4 Qe5 23. Qc4 g6 24. Bf4 Qc5 25. Bxd6 Qxc4 26. Rxc4 Rxd6 27.
Rb1 Ra7 28. h5 gxh5 29. Rb8+ Rd8 30. Rcc8 Rxc8 31. Rxc8+ Ke7 32. Kg2 Kd6 33.
Kg3 f5 34. Rc4 Rg7+ 35. Kh4 Ke5 36. Ra4 Rg2 37. f4+ Kf6 38. Rxa6 Rg4+ 39. Kh3
Rxf4 40. Kg3 Rc4 41. Ra3 h4+ 42. Kh3 Rf4 43. Rb3 Rxf2 44. a4 Ra2 45. Rb4 Ra3
46. Rc4 Kg5 47. Rc6 e5 48. Rc5 e4 49. Rc7 Rxa4 50. Rxh7 Rc4 51. Rg7+ Kf4 0-1

[Event "Neckar op-A 7th"]
[Site "Deizisau"]
[Date "2003.04.18"]
[Round "3"]
[White "Aronian, Levon"]
[Black "Reuss, Andreas"]
[Result "1-0"]
[WhiteElo "2610"]
[BlackElo "2383"]
[PlyCount "81"]
[EventDate "2003.04.18"]
[EventType "swiss"]
[EventRounds "9"]
[EventCountry "GER"]
[SourceTitle "CBM 093 Extra"]
[Source "ChessBase"]
[SourceDate "2003.05.09"]
[SourceVersion "1"]
[SourceVersionDate "2003.05.09"]
[SourceQuality "1"]

1. e4 c6 2. c4 d5 3. cxd5 cxd5 4. exd5 Nf6 5. Nc3 Nxd5 6. Nf3 Nc6 7. Bc4 Nb6 8.
Bb3 Bf5 9. d4 e6 10. O-O Be7 11. a4 Na5 12. Ba2 O-O 13. Qe2 Rc8 14. Rd1 Nd5 15.
Nxd5 exd5 16. Bd2 Nc4 17. Bc3 Re8 18. Ne5 Bd6 19. Qf3 Nxe5 20. dxe5 Be4 21. Qf4
Rxc3 22. exd6 g5 23. Qg4 h5 24. Qxh5 Bg6 25. Qxg6+ fxg6 26. bxc3 Kg7 27. Rxd5
Qf6 28. d7 Rd8 29. Rd4 Qc6 30. Rad1 Qxc3 31. Bb1 Qc6 32. g3 b6 33. Be4 Qe6 34.
Bf3 a6 35. Bg4 Qc6 36. h3 b5 37. axb5 Qxb5 38. Rd5 Qb6 39. Rxg5 Kf6 40. h4 a5
41. Ra1 1-0

[Event "Neckar op-A 7th"]
[Site "Deizisau"]
[Date "2003.04.19"]
[Round "4"]
[White "Kasparov, Sergey"]
[Black "Aronian, Levon"]
[Result "1/2-1/2"]
[WhiteElo "2435"]
[BlackElo "2610"]
[PlyCount "93"]
[EventDate "2003.04.18"]
[EventType "swiss"]
[EventRounds "9"]
[EventCountry "GER"]
[SourceTitle "CBM 093 Extra"]
[Source "ChessBase"]
[SourceDate "2003.05.09"]
[SourceVersion "1"]
[SourceVersionDate "2003.05.09"]
[SourceQuality "1"]

1. e4 e5 2. Nf3 Nc6 3. Bb5 Nf6 4. O-O Nxe4 5. d4 Nd6 6. Bxc6 dxc6 7. dxe5 Nf5
8. Qxd8+ Kxd8 9. Nc3 h6 10. h3 Bd7 11. b3 Ke8 12. Bb2 Rd8 13. Rad1 Ne7 14. Rd2
Ng6 15. Rfd1 Be7 16. Kh2 Nf4 17. g3 Ne6 18. Ne4 Ng5 19. Nfxg5 hxg5 20. e6 Bxe6
21. Rxd8+ Bxd8 22. Bxg7 Rxh3+ 23. Kg2 g4 24. c4 f5 25. Rxd8+ Kxd8 26. Ng5 Bxc4
27. Nxh3 Bd5+ 28. Kh2 gxh3 29. Kxh3 Bf3 30. Kh4 c5 31. Kg5 Be4 32. f3 Bb1 33.
a3 a5 34. Bc3 b6 35. Kf4 Kd7 36. Ke3 Ba2 37. b4 cxb4 38. axb4 axb4 39. Bxb4 c5
40. Be1 Kc6 41. g4 Be6 42. gxf5 Bxf5 43. Kd2 b5 44. Kc3 b4+ 45. Kb2 Kb5 46. Bf2
Kc4 47. Bd4 1/2-1/2

[Event "Hoogeveen Essent Crown"]
[Site "Hoogeveen"]
[Date "2003.10.17"]
[Round "5"]
[White "Aronian, Levon"]
[Black "Karpov, Anatoly"]
[Result "1-0"]
[WhiteElo "2649"]
[BlackElo "2693"]
[Annotator "Postny,E"]
[PlyCount "63"]
[EventDate "2003.10.12"]
[EventType "tourn"]
[EventRounds "6"]
[EventCountry "NED"]
[EventCategory "18"]
[SourceTitle "CBM 098"]
[Source "ChessBase"]
[SourceDate "2004.02.03"]
[SourceVersion "1"]
[SourceVersionDate "2004.02.03"]
[SourceQuality "1"]

1. d4 Nf6 2. c4 e6 3. Nc3 Bb4 4. Qc2 c5 5. dxc5 Bxc5 $6 {Usually black is
waiting for a move a2-a3, that's why the move in the text may lead to a loss
of tempo.} ({The main line goes with} 5... O-O) 6. Nf3 O-O 7. Bg5 Be7 8. Rd1 (
8. e4 d6 9. Rd1 Nbd7 10. Be2 a6 11. O-O Qc7 12. Bd3 h6 13. Bh4 b6 14. Nd2 Bb7
$11 {0-1 Dao Thien Hai-Annageldyev,O/Istanbul 2000/EXT 2001 (45)}) 8... h6 9.
Bh4 b6 (9... Nc6 10. e4 Nh5 11. Bxe7 Qxe7 12. Qd2 $14 {1-0 Servat,R-Najdorf,M/
Argentina 1989/EXT 97 (40)}) (9... d6 $5 10. e4 Nbd7) 10. e4 Bb7 11. Be2 a6 12.
O-O Ne8 $6 $146 (12... Nc6 13. Qd2 Bc8 14. e5 Ne8 15. Bg3 f5 16. exf6 Nxf6 17.
Ne5 Nxe5 18. Bxe5 Bb7 19. Bxf6 Bxf6 20. Qxd7 $16 {1-0 Kalesis,N-Serrat,I/Berga
1995/EXT 97 (33)}) 13. Bg3 ({Objectively stronger was} 13. Bxe7 $1 Qxe7 14. Qb3
Qd8 15. c5 b5 16. a4 $16) 13... d6 14. e5 Qc7 15. exd6 Nxd6 $8 (15... Bxd6 $2
16. Rxd6 Nxd6 17. Rd1 Rd8 18. Qd2 $18 {[%csl Rd6]}) 16. Rd4 (16. Ne4 Bxe4 17.
Qxe4 Nxe4 18. Bxc7 b5 $14) 16... Qc6 $2 {It's easy to understand Karpov's
desire to avoid the unpleasant pin as quick as possible, but this move
obstructs the development of black's queenside.} (16... Nc6 17. Rd2 Rad8 18.
Rfd1 Rd7 {and it's not easy for white to make use of the pin along the
diagonal h2-b8.}) 17. Bd3 Ne8 (17... Nd7 $2 18. Bxd6 Bxd6 19. Be4 $18) 18. Bh7+
{Useful intermediate check. The Pf7 will be undefended, which may become
important in the near future.} Kh8 19. Be4 Qc8 20. Na4 $1 Bc5 21. Nxc5 bxc5 22.
Bxb7 Qxb7 23. Rd2 {Despite the material balance, black's position is very
tough. White controls important "d" file, while black has numerous weaknesses
in his camp and his pieces are badly placed.} Nf6 24. Rfd1 Qc8 (24... Nbd7 25.
Ne5 Nxe5 26. Bxe5 {and white is dominating.}) 25. Bd6 Re8 26. Ne5 Kg8 {[%tqu
"En","Find the best move for white.","","","d6e7","",5]} 27. Be7 $1 $18 Qc7 28.
Bxf6 gxf6 29. Qe4 {White's attack is irresistible.} Ra7 30. Ng4 Kg7 31. Qe3 Rh8
32. Rd8 $1 {[%mdl 2048] This nice move crowns the excellent game of Levon
Aronian.} (32. Rd8 Rh7 33. Qf3 f5 34. Qc3+ $18) 1-0

[Event "Corsica Masters op"]
[Site "Bastia"]
[Date "2003.10.30"]
[Round "4"]
[White "Hamdouchi, Hicham"]
[Black "Aronian, Levon"]
[Result "1/2-1/2"]
[WhiteElo "2588"]
[BlackElo "2649"]
[PlyCount "120"]
[EventDate "2003.10.29"]
[EventType "swiss (rapid)"]
[EventRounds "9"]
[EventCountry "FRA"]
[SourceTitle "EXT 2004"]
[Source "ChessBase"]
[SourceDate "2003.11.25"]
[SourceVersion "1"]
[SourceVersionDate "2003.11.25"]
[SourceQuality "1"]

1. e4 e5 2. Nf3 Nc6 3. Bc4 Bc5 4. c3 Nf6 5. d3 d6 6. Nbd2 a6 7. Bb3 Ba7 8. Nf1
Be6 9. Ng3 h6 10. O-O O-O 11. h3 Qd7 12. Nh2 Ne7 13. d4 Ng6 14. Kh1 Rae8 15.
Bc2 d5 16. dxe5 Nxe4 17. Nxe4 dxe4 18. Be3 Bxe3 19. fxe3 Nxe5 20. Bxe4 Qb5 21.
b3 Rd8 22. Qh5 c6 23. c4 Qa5 24. b4 Qc7 25. c5 Rd2 26. a4 Rfd8 27. Qh4 Bc4 28.
Rfe1 Bd5 29. Bxd5 R8xd5 30. Qg3 Qe7 31. Nf3 Nxf3 32. Qxf3 Qe6 33. Qf4 Rf5 34.
Qg4 h5 35. Qg3 Rff2 36. Rg1 Kh7 37. Raf1 Rfe2 38. Qf3 Kg6 39. Qg3+ Kh7 40. Qf3
Qg6 41. Qxf7 Rxg2 42. Qxg6+ Rxg6 43. Rf7 Ra2 44. a5 Re2 45. Rxb7 Rxe3 46. Rxg6
Kxg6 47. Kg2 Rb3 48. Rb6 Kf5 49. Rxa6 Rxb4 50. Rxc6 Rb5 51. a6 Ra5 52. Rc7 Rxa6
53. Rxg7 Ra2+ 54. Kg3 Kf6 55. Rh7 Kg6 56. Re7 Ra3+ 57. Kg2 Kf6 58. Rh7 Kg6 59.
Rd7 Rc3 60. Rd5 h4 1/2-1/2

[Event "Corsica Masters op"]
[Site "Bastia"]
[Date "2003.10.30"]
[Round "5"]
[White "Aronian, Levon"]
[Black "Guyot, Philippe"]
[Result "1-0"]
[WhiteElo "2649"]
[BlackElo "2295"]
[PlyCount "63"]
[EventDate "2003.10.29"]
[EventType "swiss (rapid)"]
[EventRounds "9"]
[EventCountry "FRA"]
[SourceTitle "EXT 2004"]
[Source "ChessBase"]
[SourceDate "2003.11.25"]
[SourceVersion "1"]
[SourceVersionDate "2003.11.25"]
[SourceQuality "1"]

1. e4 g6 2. d4 Bg7 3. Nf3 c5 4. d5 Nf6 5. Nc3 O-O 6. e5 Ng4 7. Ng5 f6 8. Nxh7
Nxf2 9. Kxf2 Kxh7 10. Bd3 f5 11. Qe2 e6 12. h4 Rh8 13. Bc4 exd5 14. Nxd5 Nc6
15. Bg5 Qf8 16. Nf6+ Bxf6 17. Bxf6 d6 18. h5 g5 19. Qd2 Nxe5 20. Bxe5 dxe5 21.
Qxg5 Qg7 22. Qg6+ Qxg6 23. hxg6+ Kg7 24. Rxh8 Kxh8 25. Rd1 Kg7 26. Bf7 b6 27.
Rd8 Kf6 28. Bd5 Rb8 29. Rg8 Bb7 30. Rxb8 Bxd5 31. a4 b5 32. Rxb5 1-0

[Event "Corsica Masters op"]
[Site "Bastia"]
[Date "2003.10.31"]
[Round "9"]
[White "Aronian, Levon"]
[Black "Guidarelli, Laurent"]
[Result "0-1"]
[WhiteElo "2649"]
[BlackElo "2422"]
[PlyCount "176"]
[EventDate "2003.10.29"]
[EventType "swiss (rapid)"]
[EventRounds "9"]
[EventCountry "FRA"]
[SourceTitle "EXT 2004"]
[Source "ChessBase"]
[SourceDate "2003.11.25"]
[SourceVersion "1"]
[SourceVersionDate "2003.11.25"]
[SourceQuality "1"]

1. e4 c5 2. Nc3 a6 3. f4 b5 4. Nf3 Bb7 5. Qe2 Nc6 6. d3 d6 7. Be3 e6 8. g4 Nf6
9. g5 Nd7 10. Bh3 Nb6 11. f5 e5 12. Qg2 d5 13. exd5 Nxd5 14. Nxd5 Qxd5 15. O-O
f6 16. Nd2 Nb4 17. Ne4 O-O-O 18. Rfe1 c4 19. a3 cxd3 20. axb4 Qxe4 21. Qxe4
Bxe4 22. cxd3 Rxd3 23. Rxa6 Bxb4 24. Rc1+ Kd7 25. Ra7+ Kd6 26. Kf2 Ra8 27. Bf1
Rxe3 28. Kxe3 Rxa7 29. Kxe4 Bc5 30. Bxb5 Rb7 31. Bc4 Rxb2 32. gxf6 gxf6 33. Ra1
Bb6 34. h3 Rc2 35. Bb5 Rf2 36. Rf1 Rb2 37. Bc4 Kc5 38. Bd3 Rb4+ 39. Kf3 Kd4 40.
Rd1 Kc3 41. Be4 Bd4 42. Rd3+ Kc4 43. Ra3 Rb2 44. Bd3+ Kb4 45. Ra6 Rf2+ 46. Ke4
Kc5 47. Ra5+ Kc6 48. Bb1 Rf4+ 49. Kd3 Rf3+ 50. Ke2 Re3+ 51. Kd2 Rxh3 52. Be4+
Kb6 53. Rd5 Bc5 54. Rd7 Be3+ 55. Ke2 Bg5 56. Kf2 Re3 57. Bf3 h6 58. Rb7+ Kc5
59. Rc7+ Kd6 60. Rc6+ Kd7 61. Rc4 Ra3 62. Bc6+ Kd6 63. Bf3 Ra2+ 64. Kf1 Rd2 65.
Rc6+ Kd7 66. Ra6 Rd4 67. Kg2 e4 68. Be2 Rd2 69. Kf2 e3+ 70. Kf3 Rd4 71. Bb5+
Kc7 72. Be2 h5 73. Re6 h4 74. Re4 Rxe4 75. Kxe4 Kd6 76. Bf1 Kc5 77. Kf3 Kd4 78.
Kg2 Ke4 79. Be2 Kxf5 80. Kf3 Ke5 81. Bf1 Kd4 82. Ke2 Ke4 83. Bg2+ Kf4 84. Bh3
Kg3 85. Bf5 h3 86. Be4 Kh2 87. Kf1 e2+ 88. Kf2 e1=Q+ 0-1

[Event "Corsica Masters rap 07th"]
[Site "Bastia"]
[Date "2003.11.01"]
[Round "1.2"]
[White "Gelfand, Boris"]
[Black "Aronian, Levon"]
[Result "1/2-1/2"]
[WhiteElo "2703"]
[BlackElo "2649"]
[PlyCount "75"]
[EventDate "2003.11.01"]
[EventType "k.o. (rapid)"]
[EventRounds "4"]
[EventCountry "FRA"]
[SourceTitle "CBM 098"]
[Source "ChessBase"]
[SourceDate "2004.02.03"]
[SourceVersion "1"]
[SourceVersionDate "2004.02.03"]
[SourceQuality "1"]

1. d4 Nf6 2. c4 g6 3. Nf3 Bg7 4. g3 O-O 5. Bg2 d5 6. cxd5 Nxd5 7. O-O Nb6 8.
Nc3 Nc6 9. e3 Re8 10. d5 Na5 11. Nd4 Bd7 12. Nb3 Nxb3 13. Qxb3 e6 14. e4 exd5
15. exd5 a5 16. a3 a4 17. Qb4 Qe7 18. Qxe7 Rxe7 19. Bg5 Ree8 20. Rac1 Rac8 21.
h4 Nc4 22. Ne4 Rxe4 23. Bxe4 Nd6 24. Bd3 Bxb2 25. Rc2 Bxa3 26. Rb1 b5 27. Bd2
Nc4 28. Bxc4 Bf5 29. Ra2 Bxb1 30. Rxa3 bxc4 31. Rxa4 Bd3 32. Ra5 Rb8 33. f3 Kf8
34. Rc5 Rd8 35. Bf4 Ke8 36. Bxc7 Rc8 37. Kf2 Kd7 38. Bd6 1/2-1/2

[Event "FRA-chT Gp-A"]
[Site "France"]
[Date "2004.02.01"]
[Round "3"]
[White "Galdunts, Sergey"]
[Black "Aronian, Levon"]
[Result "1/2-1/2"]
[WhiteElo "2506"]
[BlackElo "2648"]
[PlyCount "97"]
[EventDate "2004.01.30"]
[EventType "team"]
[EventRounds "7"]
[EventCountry "FRA"]
[SourceTitle "CBM 098 Extra"]
[Source "ChessBase"]
[SourceDate "2004.03.10"]
[SourceVersion "2"]
[SourceVersionDate "2004.03.10"]
[SourceQuality "1"]
[WhiteTeam "Bischwiller"]
[BlackTeam "Mulhouse"]
[WhiteTeamCountry "FRA"]
[BlackTeamCountry "FRA"]

1. e4 e5 2. Nf3 Nc6 3. Bc4 Bc5 4. c3 Nf6 5. d3 d6 6. Bb3 a6 7. Nbd2 Ba7 8. O-O
O-O 9. h3 Be6 10. Re1 Bxb3 11. axb3 d5 12. exd5 Qxd5 13. Ne4 Qe6 14. Nxf6+ Qxf6
15. Be3 Bxe3 16. Rxe3 Rfe8 17. Qe2 Re6 18. b4 Rae8 19. Nd2 Qd8 20. Nb3 Qc8 21.
Nc5 R6e7 22. Qg4 Qxg4 23. hxg4 Nd8 24. Rae1 f6 25. d4 Ne6 26. Nxb7 exd4 27.
cxd4 Kf8 28. Nc5 Nxd4 29. Nxa6 c6 30. Nc7 Rxe3 31. Rxe3 Rxe3 32. fxe3 Nc2 33.
b5 cxb5 34. Kf2 b4 35. Ne6+ Kf7 36. Nf4 Na3 37. b3 Nc2 38. Nd3 Ke6 39. Ke2 Na1
40. Nc1 Ke5 41. Kd3 g6 42. g3 h6 43. e4 f5 44. gxf5 gxf5 45. exf5 Kxf5 46. Ke3
Kg4 47. Kf2 h5 48. Nd3 Nxb3 49. Nxb4 1/2-1/2

[Event "Moscow Aeroflot op-A"]
[Site "Moscow"]
[Date "2004.02.17"]
[Round "1"]
[White "Sandipan, Chanda"]
[Black "Aronian, Levon"]
[Result "1/2-1/2"]
[WhiteElo "2522"]
[BlackElo "2648"]
[PlyCount "51"]
[EventDate "2004.02.17"]
[EventType "swiss"]
[EventRounds "9"]
[EventCountry "RUS"]
[SourceTitle "EXT 2005"]
[Source "ChessBase"]
[SourceDate "2004.11.15"]
[SourceVersion "1"]
[SourceVersionDate "2004.11.15"]
[SourceQuality "1"]

1. e4 e5 2. Nf3 Nc6 3. Bb5 Nf6 4. O-O Nxe4 5. d4 Nd6 6. Bxc6 dxc6 7. dxe5 Nf5
8. Qxd8+ Kxd8 9. Nc3 Ne7 10. Be3 Ke8 11. h3 Nd5 12. Nxd5 cxd5 13. Rad1 c6 14.
Nd4 Bd7 15. c3 g6 16. f4 Bc5 17. Rde1 Rg8 18. Kh2 Bxd4 19. Bxd4 Bf5 20. g4 Be4
21. Rf2 Kd7 22. Rd2 Ke6 23. c4 h5 24. Kg3 hxg4 25. hxg4 Rh8 26. Bc5 1/2-1/2